Paesi più vicini alla Tailandia - Sprint di un minuto - Statistics

Statistiche generali
  • Questo quiz è stato fatto 25 volte
  • Il punteggio medio è 14 su 20
Statistiche sulle risposte
km nazione % Corretto
115 Cina
95%
301 Indonesia
95%
0 Malesia
95%
524 Singapore
95%
0 Laos
90%
0 Cambogia
86%
104 Vietnam
86%
0 Birmania
81%
486 India
81%
579 Bangladesh
62%
1341 Brunei
62%
1440 Filippine
62%
1258 Nepal
62%
1810 Sri Lanka
62%
1734 Taiwan
62%
993 Bhutan
57%
2053 Giappone
48%
2648 Pakistan
43%
2396 Mongolia
33%
2766 Corea del Sud
29%
Nessun quiz corrispondente trovato
Distribuzione punteggi
Percentuale di utenti per punteggio
Percentile per numero di risposta
I tuoi punteggi nel tempo
Non hai fatto questo quiz